[Event "SLO-chT2 West"]
[Site "Komenda"]
[Date "2019.12.01"]
[Round "8.5"]
[White "Bradac, Simon"]
[Black "Banfi, Gregor"]
[Result "0-1"]
[WhiteElo "1471"]
[BlackElo "1718"]
[PlyCount "96"]
[EventDate "2019.11.15"]
[EventType "team-tourn"]
[EventRounds "9"]
[EventCountry "SLO"]
[SourceTitle "EXT 2024"]
[Source "ChessBase"]
[SourceDate "2023.10.10"]
[SourceVersion "1"]
[SourceVersionDate "2023.10.10"]
[SourceQuality "1"]
[WhiteTeam "Ilirska Bistrica Rimex"]
[BlackTeam "Trzin"]
[WhiteTeamCountry "SLO"]
[BlackTeamCountry "SLO"]

1. e4 c5 2. Nf3 d6 3. d4 cxd4 4. Nxd4 Nf6 5. f3 e5 6. Nb3 Be6 7. c4 Nbd7 8. Nc3 Be7 9. Be3 0-0 10. Be2 Nb6 11. Nd5 Nfxd5 12. cxd5 Bd7 13. Rc1 f5 14. 0-0 fxe4 15. fxe4 Rxf1+ 16. Qxf1 Rc8 17. Qf2 Bh4 18. g3 Bg5 19. Bxg5 Qxg5 20. Rf1 Qe7 21. Na5 Bh3 22. Rb1 Bd7 23. Nxb7 Rc2 24. Qf3 Bb5 25. Bxb5 Qxb7 26. Bc6 Qe7 27. Qd3 Rc4 28. b3 Rd4 29. Qc3 Rxe4 30. Rf1 Rd4 31. a3 Qc7 32. Qf3 Qe7 33. a4 e4 34. Qg4 h5 35. Qh3 Nxd5 36. Qc8+ Kh7 37. Qf5+ g6 38. Qf2 e3 39. Qf7+ Qxf7 40. Rxf7+ Kg8 41. Bxd5 Rxd5 42. Rxa7 Rd1+ 43. Kg2 e2 44. Re7 e1Q 45. Rxe1 Rxe1 46. b4 Rb1 47. a5 Rxb4 48. a6 Ra4 0-1

[Event "Ljubljana-chT 72nd Superliga"]
[Site "Ljubljana"]
[Date "2019.01.24"]
[Round "3.4"]
[White "Banfi, Gregor"]
[Black "Arcon, Roman"]
[Result "1-0"]
[WhiteElo "1700"]
[BlackElo "1547"]
[PlyCount "137"]
[EventDate "2019.01.10"]
[EventType "team-tourn"]
[EventRounds "7"]
[EventCountry "SLO"]
[SourceTitle "EXT 2024"]
[Source "ChessBase"]
[SourceDate "2023.10.10"]
[SourceVersion "1"]
[SourceVersionDate "2023.10.10"]
[SourceQuality "1"]
[WhiteTeam "Trzin Buscotrade"]
[BlackTeam "Medvode"]
[WhiteTeamCountry "SLO"]
[BlackTeamCountry "SLO"]

1. e4 e5 2. Nf3 f5 3. Qe2 d6 4. Nc3 Nf6 5. d4 Nc6 6. dxe5 dxe5 7. exf5 Bd6 8. Bg5 Bxf5 9. 0-0-0 Qe7 10. Qb5 Bd7 11. Nd5 Qf7 12. Bc4 a6 13. Nxf6+ Qxf6 14. Qxb7 Rb8 15. Qxb8+ Nxb8 16. Bxf6 gxf6 17. h3 a5 18. a3 Ke7 19. Rhe1 Bc6 20. Bd5 Bd7 21. Ng1 Na6 22. f4 Nc5 23. Nf3 c6 24. fxe5 fxe5 25. Bc4 e4 26. b4 Bf4+ 27. Kb1 Rb8 28. Ka2 axb4 29. Nd2 e3 30. Nf1 Ra8 31. Rb1 Rxa3+ 32. Kb2 Na4+ 33. Kc1 c5 34. Bb3 e2+ 35. Nd2 Nc3 36. Bc4 Nxb1 37. Rxe2+ Kd6 38. Kxb1 Bc6 39. Bg8 h6 40. Nc4+ Kc7 41. Nxa3 bxa3 42. Ka2 Bc1 43. Bc4 Kd6 44. Re6+ Kd7 45. Re1 Bb2 46. g4 Bf3 47. Be6+ Kd6 48. h4 Bf6 49. Rf1 Bxh4 50. Rxf3 Kxe6 51. Kxa3 Bg5 52. Kb3 Kd5 53. Kc3 Ke4 54. Rf5 Be3 55. Kc4 Bg1 56. Kb5 Be3 57. c4 Bd4 58. Kc6 Be3 59. Rf6 Ke5 60. Rf5+ Ke4 61. Rh5 Kf3 62. Rh3+ Kf4 63. Rxe3 Kxe3 64. Kxc5 Kf4 65. Kd4 Kxg4 66. c5 h5 67. c6 Kg3 68. c7 h4 69. c8Q 1-0

[Event "SLO-chT2 West"]
[Site "Komenda"]
[Date "2016.11.27"]
[Round "8.6"]
[White "Kregulj, Andrej"]
[Black "Banfi, Gregor"]
[Result "0-1"]
[WhiteElo "1717"]
[BlackElo "1609"]
[PlyCount "89"]
[EventDate "2016.11.11"]
[EventType "team-tourn"]
[EventRounds "9"]
[EventCountry "SLO"]
[SourceTitle "EXT 2019"]
[Source "ChessBase"]
[SourceDate "2018.10.10"]
[SourceVersion "1"]
[SourceVersionDate "2018.10.10"]
[SourceQuality "1"]
[WhiteTeam "Dolenjske Toplice"]
[BlackTeam "Trzin"]
[WhiteTeamCountry "SLO"]
[BlackTeamCountry "SLO"]

1. d4 d5 2. Bf4 Nf6 3. Nf3 e6 4. e3 Bd6 5. Bxd6 Qxd6 6. Nbd2 Nbd7 7. Be2 0-0 8. c4 c6 9. 0-0 Ng4 10. h3 Ngf6 11. Qc2 Re8 12. Rad1 b6 13. a3 a5 14. Rc1 Bb7 15. cxd5 exd5 16. Bd3 c5 17. Bb5 Rec8 18. Bxd7 Nxd7 19. Qb1 g6 20. Rfd1 Rc7 21. b3 Rac8 22. dxc5 bxc5 23. Ne4 Qe7 24. Nc3 d4 25. Nb5 Be4 26. Qb2 Rb7 27. Nbxd4 Rcb8 28. Ne2 Rxb3 29. Qd2 Bxf3 30. gxf3 Ne5 31. Kg2 Qg5+ 32. Ng3 Nd3 33. Rc3 Nb2 34. Rxb3 Rxb3 35. f4 Qe7 36. Rc1 Qb7+ 37. e4 Nd3 38. Rc3 Rxc3 39. Qxc3 Nxf4+ 40. Kh2 Qc7 41. e5 c4 42. Ne4 Ne6 43. Nd6 Qc5 44. Kg3 Nd4 45. Nxc4 0-1

[Event "SLO-chT2 West"]
[Site "Komenda"]
[Date "2016.11.26"]
[Round "6.5"]
[White "Banfi, Gregor"]
[Black "Rolih, Miran"]
[Result "0-1"]
[WhiteElo "1609"]
[BlackElo "1795"]
[PlyCount "114"]
[EventDate "2016.11.11"]
[EventType "team-tourn"]
[EventRounds "9"]
[EventCountry "SLO"]
[SourceTitle "EXT 2019"]
[Source "ChessBase"]
[SourceDate "2018.10.10"]
[SourceVersion "1"]
[SourceVersionDate "2018.10.10"]
[SourceQuality "1"]
[WhiteTeam "Trzin"]
[BlackTeam "Ilirska Bistrica Rimex"]
[WhiteTeamCountry "SLO"]
[BlackTeamCountry "SLO"]

1. e4 c5 2. Nf3 d6 3. d4 cxd4 4. Nxd4 Nf6 5. Nc3 a6 6. Be2 e5 7. Nb3 Be7 8. Bg5 Nbd7 9. Qd2 h6 10. Be3 Nb6 11. 0-0-0 Be6 12. Kb1 Qc7 13. Bxb6 Qxb6 14. Rhg1 0-0-0 15. f3 d5 16. exd5 Nxd5 17. Nxd5 Rxd5 18. Qc3+ Qc7 19. Qe3 Rhd8 20. Rxd5 Rxd5 21. Bd3 Kb8 22. Re1 Bg5 23. Qe2 g6 24. Bc4 Rd6 25. Bd3 Bf5 26. Bxf5 gxf5 27. Nc1 Rd2 28. Qxe5 Qxe5 29. Rxe5 Rd1 30. a3 Rxc1+ 31. Ka2 Rxc2 32. Rxf5 Rxg2 33. Rxf7 Rxh2 34. f4 Rf2 35. f5 h5 36. Rh7 h4 37. a4 Rxf5 38. b4 Rf4 39. Kb3 Re4 40. b5 axb5 41. axb5 Ka7 42. Rh5 Be7 43. Rh6 Rb4+ 44. Kc3 Rxb5 45. Rh7 Bg5 46. Kc4 Rf5 47. Rh5 b5+ 48. Kd3 Kb6 49. Ke4 Rc5 50. Rh7 b4 51. Rh8 Kb5 52. Kd3 Rc3+ 53. Ke4 h3 54. Rh5 Rg3 55. Rh7 b3 56. Kd5 Be3 57. Rb7+ Bb6 0-1

[Event "SLO-chT Central Superliga 17th"]
[Site "Slovenia"]
[Date "2016.11.24"]
[Round "9.4"]
[White "Banfi, Gregor"]
[Black "Cebulj Sifrer, Ozbej"]
[Result "1-0"]
[WhiteElo "1609"]
[BlackElo "1414"]
[PlyCount "59"]
[EventDate "2016.09.22"]
[EventType "team-tourn"]
[EventRounds "9"]
[EventCountry "SLO"]
[SourceTitle "EXT 2023"]
[Source "ChessBase"]
[SourceDate "2022.10.05"]
[SourceVersion "1"]
[SourceVersionDate "2022.10.05"]
[SourceQuality "1"]
[WhiteTeam "Trzin Buscotrade"]
[BlackTeam "Kranj Gimnazija"]
[WhiteTeamCountry "SLO"]
[BlackTeamCountry "SLO"]

1. e4 e5 2. f4 d5 3. exd5 exf4 4. Nf3 Qxd5 5. Nc3 Qd8 6. Bc4 Bd6 7. 0-0 Ne7 8. Ng5 Be6 9. Bxe6 fxe6 10. Nxe6 Qd7 11. Nxg7+ Kd8 12. d4 Rg8 13. Nh5 Qh3 14. Qe2 f3 15. Qxf3 Qxh2+ 16. Kf2 Qh4+ 17. Ke2 Qxd4 18. Nf4 Qc4+ 19. Kf2 Nbc6 20. Qe4 Qd4+ 21. Be3 Qxe4 22. Nxe4 Be5 23. c3 Bxf4 24. Bxf4 Rf8 25. Kg1 Ng6 26. Bg5+ Nce7 27. Rxf8+ Nxf8 28. Rf1 Ne6 29. Bh4 Kd7 30. Rf7 1-0

[Event "Ljubljana-chT 69th 1st League"]
[Site "Ljubljana"]
[Date "2016.03.10"]
[Round "6.4"]
[White "Borstnik, Ales"]
[Black "Banfi, Gregor"]
[Result "1-0"]
[WhiteElo "1770"]
[BlackElo "1675"]
[PlyCount "77"]
[EventDate "2016.01.14"]
[EventType "team-tourn"]
[EventRounds "9"]
[EventCountry "SLO"]
[SourceTitle "EXT 2022"]
[Source "ChessBase"]
[SourceDate "2021.10.06"]
[SourceVersion "1"]
[SourceVersionDate "2021.10.06"]
[SourceQuality "1"]
[WhiteTeam "Podpec SD"]
[BlackTeam "Trzin Buscotrade"]
[WhiteTeamCountry "SLO"]
[BlackTeamCountry "SLO"]

1. e4 c5 2. Nf3 d6 3. d4 cxd4 4. Nxd4 Nf6 5. Nc3 a6 6. Be3 b5 7. a3 Qc7 8. f3 e5 9. Nb3 Be7 10. Qd2 Be6 11. Bd3 Nbd7 12. 0-0 Nb6 13. Qf2 Nc4 14. Bc1 0-0 15. Kh1 Kh8 16. Nd2 Rad8 17. Nxc4 bxc4 18. Be2 d5 19. exd5 Nxd5 20. Nxd5 Bxd5 21. Be3 Rb8 22. Rab1 Qb7 23. Rfd1 a5 24. Bc5 Rfe8 25. Bxe7 Rxe7 26. Qc5 Be6 27. Qxa5 f6 28. h3 g6 29. Rd8+ Kg7 30. Rxb8 Qxb8 31. Qa6 Qc7 32. Rd1 Qc5 33. Qd6 Qa7 34. Qd8 Rf7 35. Rd6 Qe3 36. Bf1 Bf5 37. Bxc4 Qc1+ 38. Rd1 Rd7 39. Qg8+ 1-0

[Event "Ljubljana-chT 69th 1st League"]
[Site "Ljubljana"]
[Date "2016.03.03"]
[Round "5.4"]
[White "Medvesek, Janez"]
[Black "Banfi, Gregor"]
[Result "1-0"]
[WhiteElo "1507"]
[BlackElo "1675"]
[PlyCount "189"]
[EventDate "2016.01.14"]
[EventType "team-tourn"]
[EventRounds "9"]
[EventCountry "SLO"]
[SourceTitle "EXT 2022"]
[Source "ChessBase"]
[SourceDate "2021.10.06"]
[SourceVersion "1"]
[SourceVersionDate "2021.10.06"]
[SourceQuality "1"]
[WhiteTeam "Trbovlje Rudar"]
[BlackTeam "Trzin Buscotrade"]
[WhiteTeamCountry "SLO"]
[BlackTeamCountry "SLO"]

1. d4 d5 2. c4 e6 3. Nc3 Nf6 4. cxd5 exd5 5. Bg5 Nbd7 6. e3 Be7 7. Bd3 0-0 8. Qc2 h6 9. Bh4 b6 10. Nf3 Bb7 11. 0-0 c5 12. Rac1 Rc8 13. Bf5 Rc6 14. dxc5 Rxc5 15. Qa4 Bc6 16. Qd1 Bb7 17. b4 Rc4 18. Bxd7 Nxd7 19. Bxe7 Qxe7 20. Nxd5 Bxd5 21. Qxd5 Rxc1 22. Rxc1 Nf6 23. Qb3 Rd8 24. h3 Ne4 25. Nd4 Qf6 26. Qc2 Ng5 27. Qc6 Rd6 28. Qc8+ Kh7 29. Qf5+ Qxf5 30. Nxf5 Rd2 31. a3 Ra2 32. Rc7 Rxa3 33. h4 Ne6 34. Rb7 h5 35. Nd6 f6 36. Nc8 Ra4 37. b5 Ra5 38. Nxa7 Kg6 39. Nc8 Rxb5 40. Rxb6 Re5 41. Ne7+ Kh7 42. Nc6 Rd5 43. Nb4 Rd1+ 44. Kh2 Nf8 45. Nc6 Rd7 46. Ra6 Ng6 47. Kg3 Ne5 48. Nb4 Rd2 49. Ra2 Rd7 50. Rc2 Kg6 51. Na2 Kh6 52. Nc1 Ra7 53. Ne2 Rb7 54. Nf4 Ra7 55. Rc8 Kh7 56. Nxh5 Rb7 57. Rc2 Kh6 58. Nf4 Ra7 59. Ne6 Re7 60. Nd4 Ra7 61. Nf3 Nf7 62. Rd2 Rb7 63. Kh3 Ra7 64. g4 Kg6 65. Kg3 Kh6 66. Nd4 Kg6 67. f4 Rb7 68. Ne6 Re7 69. Rd7 Rxd7 70. Nf8+ Kh6 71. Nxd7 Nd6 72. Nc5 Kg6 73. Kf3 Kf7 74. e4 Ke7 75. h5 Nf7 76. Nb3 Ke8 77. Nd4 Nd8 78. e5 Kf7 79. Ke4 fxe5 80. Kxe5 Kg8 81. g5 Kf7 82. f5 Kg8 83. g6 Kh8 84. Kd6 Nb7+ 85. Ke7 Nc5 86. h6 Ne4 87. Nf3 Kg8 88. h7+ Kh8 89. Ne5 Nd6 90. Nf7+ Nxf7 91. gxf7 g6 92. f8Q+ Kxh7 93. Qf7+ Kh8 94. Qf6+ Kh7 95. fxg6+ 1-0

[Event "SLO-chT Central 1st League 11th"]
[Site "Slovenia"]
[Date "2010.11.04"]
[Round "7.4"]
[White "Sokac, Stefan"]
[Black "Banfi, Gregor"]
[Result "1-0"]
[WhiteElo "1674"]
[BlackElo "1670"]
[PlyCount "47"]
[EventDate "2010.09.09"]
[EventType "team-tourn"]
[EventRounds "9"]
[EventCountry "SLO"]
[SourceTitle "EXT 2022"]
[Source "ChessBase"]
[SourceDate "2021.10.06"]
[SourceVersion "1"]
[SourceVersionDate "2021.10.06"]
[SourceQuality "1"]
[WhiteTeam "Zelenci LPP"]
[BlackTeam "Trzin Buscotrade"]
[WhiteTeamCountry "SLO"]
[BlackTeamCountry "SLO"]

1. e4 c5 2. Nf3 d6 3. d4 cxd4 4. Qxd4 Nc6 5. Bb5 Bd7 6. Qc3 Nf6 7. Nbd2 Qb6 8. Bd3 Nb4 9. a3 Nxd3+ 10. cxd3 e5 11. 0-0 Be7 12. h3 0-0 13. a4 Rac8 14. Nc4 Qc7 15. Qd2 Nxe4 16. dxe4 Qxc4 17. Nxe5 dxe5 18. Qxd7 Rc7 19. Qf5 Bc5 20. Qg4 Rc6 21. Re1 Qb3 22. Qd1 Qg3 23. Be3 Rg6 24. fxg3 1-0

[Event "Ljubljana-chT 63rd 2nd League"]
[Site "Ljubljana"]
[Date "2010.03.18"]
[Round "9.1"]
[White "Banfi, Gregor"]
[Black "Lanisek, Cveto"]
[Result "1/2-1/2"]
[WhiteElo "1595"]
[BlackElo "1647"]
[PlyCount "23"]
[EventDate "2010.01.07"]
[EventType "team-tourn"]
[EventRounds "9"]
[EventCountry "SLO"]
[SourceTitle "EXT 2022"]
[Source "ChessBase"]
[SourceDate "2021.10.06"]
[SourceVersion "1"]
[SourceVersionDate "2021.10.06"]
[SourceQuality "1"]
[WhiteTeam "Trzin Trzinka"]
[BlackTeam "Barob Smarca"]
[WhiteTeamCountry "SLO"]
[BlackTeamCountry "SLO"]

1. d4 g6 2. e4 Bg7 3. Bc4 e6 4. Ne2 Ne7 5. 0-0 0-0 6. e5 a6 7. c3 b5 8. Bb3 Bb7 9. Bg5 d6 10. Bf4 dxe5 11. dxe5 Qxd1 12. Rxd1 1/2-1/2

[Event "Ljubljana-chT 63rd 2nd League"]
[Site "Ljubljana"]
[Date "2010.01.28"]
[Round "4.2"]
[White "Kobold, Andrej"]
[Black "Banfi, Gregor"]
[Result "1-0"]
[WhiteElo "1733"]
[BlackElo "1595"]
[PlyCount "75"]
[EventDate "2010.01.07"]
[EventType "team-tourn"]
[EventRounds "9"]
[EventCountry "SLO"]
[SourceTitle "EXT 2022"]
[Source "ChessBase"]
[SourceDate "2021.10.06"]
[SourceVersion "1"]
[SourceVersionDate "2021.10.06"]
[SourceQuality "1"]
[WhiteTeam "Komenda Gaber"]
[BlackTeam "Trzin Trzinka"]
[WhiteTeamCountry "SLO"]
[BlackTeamCountry "SLO"]

1. b3 e5 2. Bb2 Nc6 3. e3 Nf6 4. Nf3 e4 5. Nd4 Nxd4 6. Bxd4 Be7 7. c4 0-0 8. Be2 b6 9. 0-0 Bb7 10. f3 c5 11. Bb2 d5 12. cxd5 Bxd5 13. Nc3 Bb7 14. Qc2 exf3 15. Bxf3 Bxf3 16. Rxf3 Rc8 17. d3 Rc6 18. Raf1 Nd5 19. Nxd5 Qxd5 20. e4 Qd7 21. Qd2 c4 22. bxc4 Rxc4 23. Rg3 g6 24. Qh6 Bc5+ 25. Kh1 Bd4 26. Rh3 f5 27. Ba3 Rc5 28. Bxc5 bxc5 29. exf5 Rxf5 30. Rxf5 gxf5 31. Qg5+ Kh8 32. Rf3 Bg7 33. Qxf5 Qb7 34. Qf7 Qb5 35. h3 Qb1+ 36. Rf1 Qb8 37. Re1 Be5 38. Rxe5 1-0

[Event "Ljubljana-chT 63rd 2nd League"]
[Site "Ljubljana"]
[Date "2010.01.14"]
[Round "2.2"]
[White "Kveder, Bozidar"]
[Black "Banfi, Gregor"]
[Result "0-1"]
[WhiteElo "1629"]
[BlackElo "1595"]
[PlyCount "74"]
[EventDate "2010.01.07"]
[EventType "team-tourn"]
[EventRounds "9"]
[EventCountry "SLO"]
[SourceTitle "EXT 2022"]
[Source "ChessBase"]
[SourceDate "2021.10.06"]
[SourceVersion "1"]
[SourceVersionDate "2021.10.06"]
[SourceQuality "1"]
[WhiteTeam "Bor Dob"]
[BlackTeam "Trzin Trzinka"]
[WhiteTeamCountry "SLO"]
[BlackTeamCountry "SLO"]

1. e4 c5 2. Nf3 d6 3. Nc3 e6 4. Bc4 a6 5. a4 Qc7 6. d4 cxd4 7. Qxd4 Nc6 8. Qd3 Nb4 9. Qe2 Nxc2+ 10. Qxc2 Qxc4 11. b3 Qc7 12. 0-0 Nf6 13. Bb2 Be7 14. Rac1 0-0 15. Qd3 Qb6 16. Ne2 e5 17. Rc3 Bd7 18. Rfc1 Rac8 19. Ba3 Rxc3 20. Rxc3 Ng4 21. Bc5 dxc5 22. h3 c4 23. Qxd7 Qxf2+ 24. Kh1 Qf1+ 25. Nfg1 Nf2+ 26. Kh2 Bg5 27. Rf3 cxb3 28. Rxb3 Nxe4 29. Rf3 Qb1 30. Rf5 Nf6 31. Rxf6 Bxf6 32. Ng3 Bg5 33. N1e2 b5 34. axb5 axb5 35. Nc3 Qe1 36. Nce4 Bf4 37. Qg4 Qxe4 0-1

[Event "Ljubljana-chT 62nd 3rd League"]
[Site "Ljubljana"]
[Date "2009.03.05"]
[Round "8.2"]
[White "More, Erlend"]
[Black "Banfi, Gregor"]
[Result "1-0"]
[WhiteElo "1735"]
[BlackElo "1533"]
[PlyCount "131"]
[EventDate "2009.01.08"]
[EventType "team-tourn"]
[EventRounds "10"]
[EventCountry "SLO"]
[SourceTitle "EXT 2022"]
[Source "ChessBase"]
[SourceDate "2021.10.06"]
[SourceVersion "1"]
[SourceVersionDate "2021.10.06"]
[SourceQuality "1"]

1. d4 Nf6 2. c4 g6 3. Nc3 d5 4. cxd5 Nxd5 5. e4 Nxc3 6. bxc3 Bg7 7. Nf3 0-0 8. Bd3 c5 9. e5 Nc6 10. Be3 Bg4 11. Be4 cxd4 12. cxd4 Qa5+ 13. Qd2 Rad8 14. Qxa5 Nxa5 15. Rc1 Rc8 16. 0-0 b6 17. h3 Bd7 18. Nd2 Bb5 19. Rfd1 e6 20. f4 Rfd8 21. Rxc8 Rxc8 22. d5 exd5 23. Bxd5 Be2 24. Re1 Bc4 25. Nxc4 Nxc4 26. Rc1 b5 27. Bxa7 g5 28. a4 Rd8 29. Bxc4 bxc4 30. Rxc4 gxf4 31. Rd4 Ra8 32. Bc5 Bxe5 33. Re4 f6 34. Bb6 Kf7 35. a5 Ke6 36. Ra4 Ra6 37. Kf2 Kd5 38. Kf3 h5 39. Bd8 Ra8 40. Be7 Ra6 41. Bb4 Kc6 42. Bd2 Kb5 43. Re4 Rd6 44. Bxf4 Rd5 45. Bxe5 fxe5 46. g4 hxg4+ 47. hxg4 Kxa5 48. g5 Kb5 49. Kg4 Kc6 50. Kf5 Kd6 51. Kf6 Rd1 52. Rxe5 Rg1 53. Rf5 Re1 54. Kg7 Ke6 55. Rf7 Rg1 56. g6 Rg2 57. Rf3 Rh2 58. Kg8 Ke7 59. Rf7+ Ke8 60. Rh7 Rg2 61. g7 Ke7 62. Rh4 Kf6 63. Rf4+ Kg6 64. Kf8 Kh7 65. Rh4+ Kg6 66. g8Q+ 1-0

[Event "Ljubljana-chT 62nd 3rd League"]
[Site "Ljubljana"]
[Date "2009.01.29"]
[Round "4.2"]
[White "Kovacic, Bojan"]
[Black "Banfi, Gregor"]
[Result "1/2-1/2"]
[WhiteElo "1507"]
[BlackElo "1533"]
[PlyCount "120"]
[EventDate "2009.01.08"]
[EventType "team-tourn"]
[EventRounds "10"]
[EventCountry "SLO"]
[SourceTitle "EXT 2022"]
[Source "ChessBase"]
[SourceDate "2021.10.06"]
[SourceVersion "1"]
[SourceVersionDate "2021.10.06"]
[SourceQuality "1"]

1. e4 c5 2. b3 Nc6 3. Bb2 e6 4. Qg4 Nf6 5. Qh4 Be7 6. d3 b5 7. Qg3 0-0 8. Nf3 Nb4 9. Na3 Qa5 10. Nd2 d5 11. c3 Nc6 12. Be2 dxe4 13. dxe4 Rd8 14. Bxb5 Bb7 15. Ndc4 Nxe4 16. Nxa5 Nxg3 17. Nxb7 Nxh1 18. Nxd8 Nxd8 19. Ke2 Nxf2 20. Kxf2 a6 21. Be2 Bf6 22. Rd1 Nc6 23. Bf3 Rc8 24. Bxc6 Rxc6 25. Nc4 a5 26. a4 Ra6 27. Ba3 h6 28. Rd3 Be7 29. Rd7 Kf8 30. Ne5 Ke8 31. Rb7 f6 32. Rb8+ Bd8 33. Nd3 c4 34. bxc4 Rc6 35. c5 Kd7 36. Rb7+ Bc7 37. Nc1 Kc8 38. Rb5 e5 39. Nb3 Ra6 40. Kf3 f5 41. h3 g5 42. Nd2 e4+ 43. Ke3 Re6 44. Nc4 f4+ 45. Kf2 h5 46. Nxa5 e3+ 47. Ke2 g4 48. hxg4 hxg4 49. Nc4 f3+ 50. gxf3 gxf3+ 51. Kxf3 e2 52. Rb1 e1Q 53. Rxe1 Rxe1 54. Bb4 Kb7 55. Ne3 Ra1 56. Nd5 Rxa4 57. Nxc7 Kxc7 58. Ke3 Kc6 59. Kd3 Ra8 60. Kc4 Rg8 1/2-1/2